000 00258nam a22001217a 4500
008 171102b xxu||||| |||| 00| 0 eng d
041 _aeng
080 _a33
100 _a59
101 _aBIZ
245 _aCO-OPETITION
_cBRANDENBURGER,A.M
942 _2udc
_cBK
999 _c37209
_d37209